[Event "4NCL Online Division 2"]
[Site "online"]
[Date "2020.05.05"]
[Round "5.32"]
[White "Gallagher, Ian G"]
[Black "Saidmurodov, Shahjahon"]
[Result "0-1"]
[WhiteElo "2132"]
[BlackElo "2132"]
[PlyCount "104"]
[EventDate "2020.05.05"]
[WhiteTeam "Bristol University A"]
[BlackTeam "CSC 1"]

1. d4 Nf6 2. Bg5 Ne4 3. Bf4 b6 4. f3 Nf6 5. e4 Bb7 6. Bd3 d6 7. Ne2 Nbd7 8.
Nbc3 e5 9. Be3 Be7 10. Qd2 a6 11. a4 c5 12. d5 Qc7 13. Ng3 g6 14. O-O h5 15.
Qe2 h4 16. Nh1 Nh5 17. Nf2 Nf4 18. Bxf4 exf4 19. Ng4 Ne5 20. Nxe5 dxe5 21. d6
Bxd6 22. Bc4 O-O 23. Bd5 c4 24. Bxb7 Qxb7 25. Nd5 b5 26. Rfd1 Bc5+ 27. Kh1 Kg7
28. c3 h3 29. g4 fxg3 30. hxg3 Qc6 31. Qc2 Rfd8 32. Kh2 Rh8 33. b4 cxb3 34.
Qxb3 Rab8 35. Qc2 b4 36. Rdb1 Bd4 37. Rb3 bxc3 38. Rab1 Rxb3 39. Rxb3 Qc4 40.
Rb1 a5 41. f4 exf4 42. gxf4 Qc6 43. Qd3 Qxa4 44. Nxc3 Qd7 45. Nd5 Bf6 46. e5
Bh4 47. Qf3 Qc6 48. Rg1 Rd8 49. f5 Qxd5 50. f6+ Kg8 51. Qh5 Qd2+ 52. Kh1 Qg2+
0-1

[Event "4NCL Online Division 2"]
[Site "online"]
[Date "2020.05.05"]
[Round "5.33"]
[White "Garwood, Colin"]
[Black "Vaughan, Alex"]
[Result "0-1"]
[WhiteElo "2140"]
[BlackElo "1975"]
[PlyCount "156"]
[EventDate "2020.05.05"]
[WhiteTeam "CSC 1"]
[BlackTeam "Bristol University A"]

1. d4 e6 2. Nf3 Nf6 3. g3 c5 4. Bg2 cxd4 5. Nxd4 Nc6 6. O-O Bc5 7. Nb3 Bb6 8.
c4 d5 9. cxd5 exd5 10. Bg5 Be6 11. Nc3 O-O 12. Na4 h6 13. Nxb6 axb6 14. Be3 Ng4
15. Bd4 Nxd4 16. Nxd4 Qd6 17. e3 Nf6 18. Qb3 Rac8 19. Rac1 Rc5 20. Rc3 Rfc8 21.
Rfc1 Bd7 22. Qa3 Rxc3 23. Rxc3 Qxa3 24. Rxc8+ Bxc8 25. bxa3 Kf8 26. Kf1 Ke7 27.
Ke1 Kd6 28. f3 Kc5 29. Kd2 Be6 30. Kc3 Nd7 31. Bf1 Ne5 32. a4 Bd7 33. f4 Nc6
34. Bb5 Be6 35. Nb3+ Kd6 36. Nd4 Na5 37. Kb4 Nc6+ 38. Kc3 h5 39. Be2 g6 40. h4
Bg4 41. Bb5 Nb8 42. Bd3 Nd7 43. f5 Ne5 44. fxg6 fxg6 45. Bb5 Nc6 46. Bd3 Ne5
47. Bb5 Bd1 48. a3 Bg4 49. Kb4 Bh3 50. Kc3 Bg2 51. Be8 Ke7 52. Bb5 Ng4 53. Kd2
Nf2 54. Bd3 Kf6 55. Bc2 Be4 56. Ne2 Bxc2 57. Kxc2 Kf5 58. Nf4 g5 59. Nxd5 Ne4
60. hxg5 Kxg5 61. Kd3 Nxg3 62. Kc4 h4 63. Nf4 Nh5 64. Nh3+ Kg4 65. Nf2+ Kf3 66.
Nh3 Kg3 67. Ng5 Kg4 68. Ne4 Kf3 69. Ng5+ Kxe3 70. Kb5 Kf4 71. Nh3+ Kg3 72. Ng5
Nf6 73. Kxb6 Kg4 74. Kxb7 Kxg5 75. a5 h3 76. a6 h2 77. a7 h1=Q+ 78. Kb8 Nd7+
0-1

[Event "4NCL Online Division 2"]
[Site "online"]
[Date "2020.05.05"]
[Round "5.34"]
[White "Luc, Ethan"]
[Black "Hasson, Peter"]
[Result "1-0"]
[WhiteElo "1990"]
[BlackElo "2095"]
[PlyCount "109"]
[EventDate "2020.05.05"]
[WhiteTeam "Bristol University A"]
[BlackTeam "CSC 1"]

1. e4 e6 2. d4 d5 3. Nc3 Nc6 4. e5 f6 5. Nf3 Bd7 6. Bf4 a6 7. a3 Nge7 8. exf6
gxf6 9. Nh4 Bg7 10. Qh5+ Kf8 11. O-O-O Be8 12. Qf3 Ng6 13. Nxg6+ hxg6 14. Qg3
Bh6 15. h4 Bxf4+ 16. Qxf4 Kg7 17. g4 Qd6 18. Qd2 g5 19. Bd3 Qf4 20. Qxf4 gxf4
21. Be2 Bf7 22. Na4 a5 23. Bf3 Rad8 24. Nc3 Rd7 25. Na4 b6 26. c4 Ne7 27. c5 b5
28. Nc3 c6 29. Ne2 e5 30. g5 fxg5 31. Rdg1 e4 32. Rxg5+ Kh6 33. Bg4 Rdd8 34.
Nxf4 Rdg8 35. f3 exf3 36. Bxf3 Rxg5 37. hxg5+ Kg7 38. Rxh8 Kxh8 39. Bg4 Kg7 40.
Kd2 Be8 41. Ke3 Bg6 42. Ne6+ Kf7 43. Kf4 Bd3 44. Nd8+ Ke8 45. Ne6 Kf7 46. Ke5
b4 47. Kd6 Bb5 48. Bh5+ Ng6 49. Nd8+ Kg7 50. Bxg6 Kxg6 51. Nxc6 bxa3 52. bxa3
Kxg5 53. Ne7 Kf4 54. Kxd5 Ke3 55. c6 1-0

[Event "4NCL Online Division 2"]
[Site "online"]
[Date "2020.05.05"]
[Round "5.41"]
[White "Martin, Lewis"]
[Black "Pink, Joshua"]
[Result "1-0"]
[WhiteElo "2275"]
[BlackElo "2042"]
[PlyCount "91"]
[EventDate "2020.05.05"]
[WhiteTeam "Downend 1"]
[BlackTeam "Throw in the Tal"]

1. e4 c6 2. d4 d5 3. Nd2 dxe4 4. Nxe4 Bf5 5. Ng3 Bg6 6. h4 h6 7. h5 Bh7 8. Nf3
Nd7 9. Bd3 Bxd3 10. Qxd3 e6 11. Bd2 Ngf6 12. O-O-O Be7 13. Kb1 O-O 14. Ne4 c5
15. dxc5 Nxc5 16. Nxc5 Bxc5 17. Qc4 Qd5 18. Qh4 Qe4 19. Qg3 Qg4 20. Qe5 Bxf2
21. Bxh6 Bg3 22. Qg5 Qxg5 23. Bxg5 Ne4 24. Rd7 Nxg5 25. Nxg5 Rad8 26. Rhd1 Bc7
27. c4 Bb6 28. Kc2 Rc8 29. b3 Rc7 30. Rxc7 Bxc7 31. Rd7 Bf4 32. Nh3 Be3 33. Kd3
Bb6 34. Rxb7 Rd8+ 35. Ke2 Rd4 36. Ng5 f6 37. Rb8+ Rd8 38. Rxd8+ Bxd8 39. Nxe6
Be7 40. Nd4 Kh7 41. Nc6 Bc5 42. b4 Bg1 43. c5 Kh6 44. Nxa7 Kxh5 45. Nb5 Kg4 46.
c6 1-0

[Event "4NCL Online Division 2"]
[Site "online"]
[Date "2020.05.05"]
[Round "5.42"]
[White "Ireland, David J"]
[Black "Savory, Richard J"]
[Result "0-1"]
[WhiteElo "2020"]
[BlackElo "2132"]
[PlyCount "74"]
[EventDate "2020.05.05"]
[WhiteTeam "Throw in the Tal"]
[BlackTeam "Downend 1"]

1. e4 c5 2. Nc3 Nc6 3. f4 g6 4. Nf3 Bg7 5. Bb5 Nd4 6. O-O a6 7. Bd3 e6 8. e5 d6
9. Ne4 Nf5 10. g4 d5 11. Nxc5 Qb6 12. gxf5 Qxc5+ 13. Kg2 gxf5 14. a4 Ne7 15. b4
Qxb4 16. Ng5 Ng6 17. Qh5 Qxf4 18. Nxf7 Qh4 19. Nd6+ Kd7 20. Qxh4 Nxh4+ 21. Kh3
Bxe5 22. Rb1 Bxd6 23. Kxh4 Rg8 24. Bb2 Bxh2 25. Kh3 Bd6 26. Rg1 Rxg1 27. Rxg1
h6 28. a5 Kc6 29. Rg8 Bb4 30. Bc3 Bxc3 31. dxc3 b6 32. c4 bxa5 33. cxd5+ Kxd5
34. Bf1 Ke5 35. Bg2 Bb7 36. Rxa8 Bxa8 37. Bxa8 a4 0-1

[Event "4NCL Online Division 2"]
[Site "online"]
[Date "2020.05.05"]
[Round "5.43"]
[White "Conterno, Dominique"]
[Black "Goodwin, Ed H"]
[Result "1-0"]
[WhiteElo "1907"]
[BlackElo "1930"]
[PlyCount "74"]
[EventDate "2020.05.05"]
[WhiteTeam "Downend 1"]
[BlackTeam "Throw in the Tal"]

1. e4 c5 2. Nf3 a6 3. g3 Nc6 4. Bg2 b5 5. d3 Bb7 6. O-O g6 7. c3 Bg7 8. Nbd2 e6
9. Re1 Nge7 10. Nf1 d6 11. Bg5 h6 12. Be3 O-O 13. Qd2 Kh7 14. Rad1 Qa5 15. Qc2
Rac8 16. Qb1 Rfd8 17. d4 cxd4 18. Nxd4 Nxd4 19. Bxd4 d5 20. Bxg7 Kxg7 21. e5 b4
22. cxb4 Qxb4 23. h4 d4 24. Bxb7 Qxb7 25. Re4 Nf5 26. Nh2 d3 27. Rf4 d2 28. Nf3
Qb6 29. Rxd2 Rxd2 30. Nxd2 Nxg3 31. Nc4 Qa7 32. Qd1 Nf5 33. Nd6 Rd8 34. Nxf5+
gxf5 35. Qxd8 Qc5 36. Qf6+ Kg8 37. Rf3 Qd4 1-0

[Event "4NCL Online Division 2"]
[Site "online"]
[Date "2020.05.05"]
[Round "5.44"]
[White "Woolgar, Steven G"]
[Black "Thompson, Robert"]
[Result "0-1"]
[WhiteElo "1615"]
[BlackElo "1985"]
[PlyCount "72"]
[EventDate "2020.05.05"]
[WhiteTeam "Throw in the Tal"]
[BlackTeam "Downend 1"]

1. c4 Nf6 2. Nc3 g6 3. g3 Bg7 4. Bg2 O-O 5. Nf3 d6 6. d4 Nc6 7. O-O a6 8. a3
Rb8 9. Qd3 e5 10. d5 Ne7 11. e4 Nd7 12. b4 f5 13. Bg5 h6 14. Bxe7 Qxe7 15. Nh4
Qf7 16. Rae1 f4 17. Nf3 g5 18. h3 Nf6 19. Nh2 h5 20. Ne2 Qg6 21. f3 fxg3 22.
Nxg3 h4 23. Nf5 Bxf5 24. exf5 Qh7 25. Ng4 Nh5 26. Ne3 Ng3 27. Rf2 Nxf5 28. Ng4
Nd4 29. Qxh7+ Kxh7 30. Re3 Rf4 31. Nh2 Nf5 32. Re4 Ng3 33. Rxf4 exf4 34. Rd2
Re8 35. Kf2 Bc3 36. Rc2 Bd4# 0-1

[Event "4NCL Online Division 2"]
[Site "online"]
[Date "2020.05.05"]
[Round "5.51"]
[White "O'Neill, Paul"]
[Black "Jarmany, David"]
[Result "1/2-1/2"]
[WhiteElo "2052"]
[BlackElo "2267"]
[PlyCount "71"]
[EventDate "2020.05.05"]
[WhiteTeam "Exeter Honey Badgers"]
[BlackTeam "Maryport Assassins A"]

1. d4 d5 2. Bf4 Nc6 3. e3 Nf6 4. c4 Bg4 5. Qb3 Rb8 6. Nc3 e6 7. h3 Bf5 8. a3
Bd6 9. Bxd6 dxc4 10. Bxc4 cxd6 11. d5 exd5 12. Nxd5 Nxd5 13. Bxd5 Qa5+ 14. Kf1
O-O 15. Ne2 Ne7 16. Bf3 Be6 17. Qc3 Qe5 18. g3 Rbc8 19. Qd2 Bd5 20. Bxd5 Nxd5
21. Nd4 Qe4 22. Ke2 Rfe8 23. Rac1 g6 24. Rxc8 Rxc8 25. Rc1 Rc5 26. b4 Rxc1 27.
Qxc1 a6 28. Qc2 Qe8 29. Kf3 Kg7 30. Qe4 Qxe4+ 31. Kxe4 Nc3+ 32. Kd3 Nd1 33. Ke2
Nc3+ 34. Kd3 Nd1 35. Ke2 Nc3+ 36. Kd3 1/2-1/2

[Event "4NCL Online Division 2"]
[Site "online"]
[Date "2020.05.05"]
[Round "5.52"]
[White "Jarmany, John"]
[Black "Lowe, Chris"]
[Result "1/2-1/2"]
[WhiteElo "2207"]
[BlackElo "2027"]
[PlyCount "138"]
[EventDate "2020.05.05"]
[WhiteTeam "Maryport Assassins A"]
[BlackTeam "Exeter Honey Badgers"]

1. d4 Nf6 2. c4 e5 3. dxe5 Ne4 4. a3 d6 5. Nf3 Bf5 6. g3 Nc6 7. exd6 Bxd6 8.
Bg2 h5 9. Qd5 Bc5 10. e3 Qxd5 11. cxd5 Ne7 12. Nfd2 Nxd2 13. Nxd2 Bd3 14. b4
Bd6 15. Bb2 f6 16. e4 a5 17. bxa5 Rxa5 18. Bf1 Bxf1 19. Kxf1 Rc5 20. Rc1 Rxc1+
21. Bxc1 g5 22. Nc4 Bc5 23. Be3 Bxe3 24. Nxe3 Kf7 25. Ke2 Ra8 26. Nc2 Ra4 27.
f3 Nc8 28. Rb1 b6 29. Rb4 Ra7 30. a4 Nd6 31. f4 gxf4 32. gxf4 Ra8 33. Kd3 Re8
34. Ne3 Nb7 35. Nd1 Nc5+ 36. Ke3 Rd8 37. Nc3 Re8 38. Nb5 Re7 39. d6 cxd6 40.
Nxd6+ Ke6 41. Rd4 Nxa4 42. Nf5 Ra7 43. Rd6+ Kf7 44. Nd4 Rc7 45. e5 fxe5 46.
fxe5 Rc3+ 47. Kd2 Rc5 48. Rf6+ Ke7 49. Nf5+ Ke8 50. Ng7+ Ke7 51. Nf5+ Ke8 52.
Re6+ Kd7 53. Rd6+ Ke8 54. Ng7+ Ke7 55. Re6+ Kf7 56. Rh6 Kxg7 57. Rxh5 Rd5+ 58.
Ke3 Kf7 59. Kf4 Nc5 60. Rh7+ Kg6 61. Rh8 Rd4+ 62. Kf3 Re4 63. Rb8 Rxe5 64.
Rxb6+ Kg5 65. Rb8 Rf5+ 66. Kg2 Nd3 67. Rg8+ Kh4 68. Rh8+ Rh5 69. Rxh5+ Kxh5
1/2-1/2

[Event "4NCL Online Division 2"]
[Site "online"]
[Date "2020.05.05"]
[Round "5.53"]
[White "Thorpe, Thomas"]
[Black "Davis, Holden"]
[Result "1-0"]
[WhiteElo "2027"]
[BlackElo "1982"]
[PlyCount "83"]
[EventDate "2020.05.05"]
[WhiteTeam "Exeter Honey Badgers"]
[BlackTeam "Maryport Assassins A"]

1. e4 e6 2. d4 d5 3. Nd2 Nf6 4. e5 Nfd7 5. Bd3 c5 6. c3 Nc6 7. Ngf3 cxd4 8.
cxd4 f6 9. O-O fxe5 10. Nxe5 Ndxe5 11. dxe5 g6 12. Nf3 Bg7 13. Bg5 Qc7 14. Rc1
O-O 15. Re1 Qb6 16. Qe2 Bd7 17. h4 Rxf3 18. Qxf3 Nxe5 19. Qg3 Nxd3 20. Qxd3 Rf8
21. Qd2 Qd6 22. Bh6 e5 23. Bxg7 Kxg7 24. Qc3 Kf6 25. Qc7 Qxc7 26. Rxc7 Bc6 27.
Rxh7 d4 28. f3 Rd8 29. Rd1 Rd5 30. Kf2 Ra5 31. a3 Rc5 32. Rd2 a5 33. g4 a4 34.
g5+ Ke6 35. Rg7 Kf5 36. Rf7+ Ke6 37. Rf6+ Ke7 38. Rxg6 Rb5 39. h5 Rb3 40. Rf6
e4 41. fxe4 Bxe4 42. Re2 1-0

[Event "4NCL Online Division 2"]
[Site "online"]
[Date "2020.05.05"]
[Round "5.54"]
[White "Hart, Roger"]
[Black "Haynes, Josiah"]
[Result "0-1"]
[WhiteElo "1915"]
[BlackElo "2072"]
[PlyCount "48"]
[EventDate "2020.05.05"]
[WhiteTeam "Maryport Assassins A"]
[BlackTeam "Exeter Honey Badgers"]

1. d4 Nf6 2. f3 d5 3. e4 dxe4 4. Nc3 c5 5. d5 exf3 6. Nxf3 g6 7. Bg5 Bg7 8. Qd2
h6 9. Be3 Nbd7 10. O-O-O Ng4 11. Bb5 Nxe3 12. Qxe3 O-O 13. d6 e6 14. Bxd7 Bxd7
15. Kb1 Rc8 16. h4 b5 17. h5 g5 18. Ne5 b4 19. Ne2 Bc6 20. Rh2 Bd5 21. d7 Rb8
22. c4 bxc3 23. Nxc3 Qf6 24. Ne4 Qxe5 0-1

[Event "4NCL Online Division 2"]
[Site "online"]
[Date "2020.05.05"]
[Round "5.61"]
[White "Nolan, Conor"]
[Black "Foord, Dominic"]
[Result "0-1"]
[WhiteElo "1884"]
[BlackElo "2267"]
[PlyCount "52"]
[EventDate "2020.05.05"]
[WhiteTeam "Gonzaga C-ing is Believing"]
[BlackTeam "Liverpool"]

1. d4 Nf6 2. Nf3 d5 3. c4 e6 4. Nc3 Be7 5. Bf4 O-O 6. e3 c5 7. dxc5 Bxc5 8. a3
Nc6 9. Qc2 Qa5 10. O-O-O Be7 11. g4 dxc4 12. Bxc4 Nxg4 13. Rhg1 e5 14. Rd5 Qc7
15. h3 exf4 16. hxg4 g6 17. Ne4 Be6 18. Nfg5 Bxd5 19. Bxd5 Bxg5 20. Nxg5 Qe5
21. Bxf7+ Rxf7 22. Nxf7 Kxf7 23. Qb3+ Kf8 24. Qxb7 Qe8 25. Rh1 Rc8 26. Rxh7
Na5+ 0-1

[Event "4NCL Online Division 2"]
[Site "online"]
[Date "2020.05.05"]
[Round "5.62"]
[White "Rodrigo Yanguas, Maria"]
[Black "Casey, Eoghan"]
[Result "1-0"]
[WhiteElo "2230"]
[BlackElo "1954"]
[PlyCount "77"]
[EventDate "2020.05.05"]
[WhiteTeam "Liverpool"]
[BlackTeam "Gonzaga C-ing is Believing"]

1. e4 c5 2. Nf3 d6 3. d4 cxd4 4. Nxd4 Nf6 5. Nc3 g6 6. Be2 Bg7 7. O-O O-O 8.
Bg5 Nc6 9. Nb3 Be6 10. Kh1 Na5 11. Nd4 Bc4 12. Bd3 Qb6 13. Be3 Qxb2 14. Na4 Qa3
15. c3 d5 16. e5 Ne4 17. Bxe4 b5 18. Bc1 Qxa4 19. Bc2 Nb3 20. Bxb3 Qa5 21. Bxc4
dxc4 22. Qe1 Rfd8 23. Nc6 Qc7 24. Nxd8 Rxd8 25. Bf4 e6 26. Rd1 Rc8 27. Qd2 Bxe5
28. Bxe5 Qxe5 29. Qd4 Qc7 30. h4 a5 31. h5 gxh5 32. Qd6 Qb7 33. Qg3+ Kh8 34.
Qe5+ Kg8 35. Qxh5 Qb6 36. Rd7 Rf8 37. Qg5+ Kh8 38. Qf6+ Kg8 39. Rfd1 1-0

[Event "4NCL Online Division 2"]
[Site "online"]
[Date "2020.05.05"]
[Round "5.63"]
[White "Nolan, Dermot"]
[Black "Hardman, Michael J"]
[Result "1/2-1/2"]
[WhiteElo "1845"]
[BlackElo "2042"]
[PlyCount "99"]
[EventDate "2020.05.05"]
[WhiteTeam "Gonzaga C-ing is Believing"]
[BlackTeam "Liverpool"]

1. e4 d6 2. d4 Nf6 3. Nc3 e5 4. dxe5 dxe5 5. Qxd8+ Kxd8 6. Nf3 Bd6 7. Bc4 Be6
8. Bxe6 fxe6 9. Be3 Ke8 10. h3 Ke7 11. O-O-O Nc6 12. a3 a6 13. Nd2 b5 14. Nb3
Rhb8 15. Nc5 b4 16. axb4 Rxb4 17. b3 h6 18. Kb2 a5 19. Rd2 Rbb8 20. Ra1 Nd7 21.
Nd3 Nb6 22. Bxb6 Rxb6 23. Na4 Rbb8 24. c3 Rf8 25. Kc2 g5 26. Nab2 h5 27. Nc4 g4
28. h4 Rg8 29. Rdd1 Rgf8 30. Rd2 Rg8 31. Ra4 Rgf8 32. Rd1 Ra7 33. Rda1 Rfa8 34.
Kd2 Kd7 35. Kc2 Ke7 36. R1a2 Kd7 37. b4 axb4 38. Rxa7 Rxa7 39. Rxa7 Nxa7 40.
Ndxe5+ Bxe5 41. Nxe5+ Kd6 42. Nc4+ Kc5 43. Ne5 bxc3 44. Kxc3 Kd6 45. Nc4+ Ke7
46. Kd4 Kf6 47. Ke3 Nc6 48. Kf4 e5+ 49. Ke3 Nd4 50. Kd3 1/2-1/2

[Event "4NCL Online Division 2"]
[Site "online"]
[Date "2020.05.05"]
[Round "5.64"]
[White "Griffin, Michael"]
[Black "Cullen, Ben"]
[Result "0-1"]
[WhiteElo "1990"]
[BlackElo "1894"]
[PlyCount "48"]
[EventDate "2020.05.05"]
[WhiteTeam "Liverpool"]
[BlackTeam "Gonzaga C-ing is Believing"]

1. d4 Nf6 2. c4 g6 3. Nc3 d5 4. cxd5 Nxd5 5. e4 Nxc3 6. bxc3 Bg7 7. Be3 O-O 8.
Qd2 c5 9. Nf3 Qa5 10. Rb1 cxd4 11. cxd4 Nc6 12. Qxa5 Nxa5 13. Bd3 Rd8 14. Ke2
Bg4 15. d5 e6 16. Bd2 exd5 17. Bxa5 b6 18. Kf1 bxa5 19. exd5 Rac8 20. Ba6 Rc2
21. a4 Bxf3 22. gxf3 Bd4 23. Rb5 Rxf2+ 24. Kg1 Re8 0-1

[Event "4NCL Online Division 2"]
[Site "online"]
[Date "2020.05.05"]
[Round "5.71"]
[White "Whyte, Brian G"]
[Black "Keane, Graham D J"]
[Result "1/2-1/2"]
[WhiteElo "2048"]
[BlackElo "2161"]
[PlyCount "76"]
[EventDate "2020.05.05"]
[WhiteTeam "Higgie's Heroes"]
[BlackTeam "Streatham A"]

1. Nf3 d6 2. d4 g6 3. h3 Bg7 4. c4 Nf6 5. Nc3 O-O 6. e4 Na6 7. Be3 c5 8. Be2
cxd4 9. Nxd4 Nc5 10. Qc2 a6 11. O-O b6 12. b4 Ne6 13. Rfd1 Nxd4 14. Bxd4 Be6
15. e5 dxe5 16. Bxe5 Qc8 17. Na4 Bf5 18. Qb3 Qe6 19. Qb2 Be4 20. Bf1 Rad8 21.
c5 b5 22. Nb6 Bc6 23. Bc3 Qf5 24. Re1 Nh5 25. Bxg7 Nxg7 26. a4 Ne6 27. axb5
axb5 28. Qe5 Qxe5 29. Rxe5 Rfe8 30. Ree1 Nd4 31. Ra7 e5 32. Rc1 Kf8 33. Rc7 Re7
34. Rxe7 Kxe7 35. Ra1 Kf6 36. Ra5 h5 37. f3 Nb3 38. Ra6 Nd4 1/2-1/2

[Event "4NCL Online Division 2"]
[Site "online"]
[Date "2020.05.05"]
[Round "5.72"]
[White "Hodgson, John H"]
[Black "Higgie, Charles L"]
[Result "0-1"]
[WhiteElo "2117"]
[BlackElo "1922"]
[PlyCount "80"]
[EventDate "2020.05.05"]
[WhiteTeam "Streatham A"]
[BlackTeam "Higgie's Heroes"]

1. e4 c5 2. Nf3 d6 3. d4 cxd4 4. Nxd4 Nf6 5. Nc3 Nc6 6. Bg5 e6 7. Qd2 a6 8.
O-O-O Bd7 9. f4 b5 10. Bxf6 gxf6 11. Nxc6 Bxc6 12. Kb1 Qb6 13. f5 Qc5 14. Bd3
O-O-O 15. Rhf1 Be7 16. Qf2 Qxf2 17. Rxf2 Rdg8 18. a4 bxa4 19. Bxa6+ Kc7 20. Bc4
Kd7 21. g3 h5 22. fxe6+ fxe6 23. Nb5 Bxe4 24. Nxd6 Bxd6 25. Rfd2 Ke7 26. Rxd6
Bd5 27. Ra6 Bxc4 28. Ra7+ Ke8 29. Rdd7 Bd5 30. Rdc7 Kd8 31. c4 Be4+ 32. Ka2 h4
33. gxh4 Rxh4 34. Ka3 Rxh2 35. c5 Rg3+ 36. Kb4 Rxb2+ 37. Ka5 a3 38. Rf7 Rg8 39.
Rfd7+ Kc8 40. c6 a2 0-1

[Event "4NCL Online Division 2"]
[Site "online"]
[Date "2020.05.05"]
[Round "5.73"]
[White "McMahon, Timothy P"]
[Black "Horton, Justin"]
[Result "0-1"]
[WhiteElo "1937"]
[BlackElo "2058"]
[PlyCount "68"]
[EventDate "2020.05.05"]
[WhiteTeam "Higgie's Heroes"]
[BlackTeam "Streatham A"]

1. e4 e5 2. Nf3 Nc6 3. Bb5 Nf6 4. Qe2 Bc5 5. c3 O-O 6. O-O Bb6 7. d3 d6 8. h3
h6 9. Nbd2 Bd7 10. Nc4 Ne7 11. Nxb6 axb6 12. Bc4 Ng6 13. Re1 Qe7 14. Nh2 b5 15.
Bb3 Be6 16. Bc2 c5 17. b3 Rfc8 18. Be3 b4 19. Qd2 d5 20. exd5 Nxd5 21. cxb4
cxb4 22. Bd1 Nc3 23. Bf3 Ra3 24. d4 e4 25. Bh5 Rca8 26. Bxg6 fxg6 27. d5 Bxd5
28. Qd4 Rxa2 29. Rxa2 Rxa2 30. Bd2 Bxb3 31. Bxc3 bxc3 32. Qxc3 Bd5 33. Ng4 Qf7
34. Ne5 Qxf2+ 0-1

[Event "4NCL Online Division 2"]
[Site "online"]
[Date "2020.05.05"]
[Round "5.74"]
[White "Bennett, John M"]
[Black "Lovatt, Peter G"]
[Result "0-1"]
[WhiteElo "1995"]
[BlackElo "1787"]
[PlyCount "68"]
[EventDate "2020.05.05"]
[WhiteTeam "Streatham A"]
[BlackTeam "Higgie's Heroes"]

1. d4 Nf6 2. c4 e6 3. Nf3 d5 4. Nc3 Nbd7 5. Bg5 c6 6. e3 Qa5 7. Nd2 dxc4 8.
Bxf6 Nxf6 9. Nxc4 Qc7 10. Be2 Be7 11. O-O O-O 12. Rc1 Nd5 13. Bf3 Nxc3 14. Rxc3
Bf6 15. e4 e5 16. d5 cxd5 17. Ne3 Qd8 18. Nxd5 Be6 19. Rd3 Bxd5 20. exd5 Qd6
21. Be4 Rfe8 22. Qb3 Rab8 23. Rc1 g6 24. Rdc3 Bg5 25. R1c2 f5 26. Bd3 e4 27.
Bb5 Re7 28. Rc7 e3 29. f3 Rxc7 30. Rxc7 a6 31. Rd7 e2 32. Kf2 Qc5+ 33. Kxe2
Re8+ 34. Kd1 Qc1# 0-1

[Event "4NCL Online Division 2"]
[Site "online"]
[Date "2020.05.05"]
[Round "5.81"]
[White "Twine, David"]
[Black "Player, Edmund C"]
[Result "0-1"]
[WhiteElo "2072"]
[BlackElo "2172"]
[PlyCount "76"]
[EventDate "2020.05.05"]
[WhiteTeam "Plymouth"]
[BlackTeam "Anglian Avengers 2"]

1. e4 e6 2. d3 d5 3. Nd2 Nf6 4. Ngf3 c5 5. g3 Nc6 6. Bg2 g6 7. O-O Bg7 8. Re1
O-O 9. Qe2 b6 10. Nf1 Bb7 11. e5 Nd7 12. Bf4 Re8 13. c3 f6 14. exf6 Bxf6 15. h4
Bg7 16. Ng5 Nf8 17. Nh2 e5 18. Bd2 Qd6 19. Qf3 Nd8 20. Rad1 Re7 21. Ng4 h6 22.
Nh3 Nf7 23. Qe2 Rae8 24. f3 Nh7 25. Qf2 Qd7 26. Ne3 Qa4 27. a3 Nf6 28. f4 e4
29. f5 Ne5 30. Bf1 Nf3+ 31. Kh1 Nxe1 32. Rxe1 exd3 33. Bxd3 d4+ 34. Ng2 Rxe1+
35. Bxe1 Qd1 36. Bc4+ Kh8 37. Nhf4 Rxe1+ 38. Kh2 Rh1# 0-1

[Event "4NCL Online Division 2"]
[Site "online"]
[Date "2020.05.05"]
[Round "5.82"]
[White "White, Russell P"]
[Black "Pollock, Richard M"]
[Result "1-0"]
[WhiteElo "2117"]
[BlackElo "2072"]
[PlyCount "117"]
[EventDate "2020.05.05"]
[WhiteTeam "Anglian Avengers 2"]
[BlackTeam "Plymouth"]

1. e4 d6 2. d4 Nf6 3. Nc3 e5 4. dxe5 dxe5 5. Bg5 Qxd1+ 6. Rxd1 c6 7. Nf3 Nbd7
8. a3 Be7 9. Bh4 Nh5 10. Bxe7 Kxe7 11. Bc4 Nf4 12. O-O Ne6 13. Rd2 f6 14. Rfd1
b5 15. Bxe6 Kxe6 16. Rd6+ Ke7 17. Rxc6 Rb8 18. Nh4 g6 19. Rc7 a6 20. Nd5+ Ke8
21. Nb4 Kd8 22. Ra7 Rb6 23. Nxa6 Rxa6 24. Rdxd7+ Bxd7 25. Rxa6 Ke7 26. Nf3 Rc8
27. c3 Rd8 28. Kf1 b4 29. c4 bxa3 30. Rxa3 Rb8 31. b3 Kd6 32. Ra6+ Kc5 33. Rxf6
Rxb3 34. Nxe5 Ba4 35. g3 Kd4 36. Nf3+ Kd3 37. Rd6+ Kc3 38. e5 Rb1+ 39. Kg2 Bd1
40. e6 Bxf3+ 41. Kxf3 Kxc4 42. Kf4 Re1 43. Rd7 h6 44. Rh7 Rxe6 45. Rxh6 Rf6+
46. Kg5 Rxf2 47. Kxg6 Kd5 48. g4 Ke5 49. g5 Rg2 50. h4 Kf4 51. Rh8 Ra2 52. Rf8+
Ke5 53. h5 Ra6+ 54. Kg7 Ra7+ 55. Rf7 Ra6 56. h6 Ra8 57. h7 Ke6 58. Rf6+ Ke7 59.
h8=Q 1-0

[Event "4NCL Online Division 2"]
[Site "online"]
[Date "2020.05.05"]
[Round "5.83"]
[White "Butland, Nick J"]
[Black "Bui, Kyan"]
[Result "0-1"]
[WhiteElo "1922"]
[BlackElo "2057"]
[PlyCount "60"]
[EventDate "2020.05.05"]
[WhiteTeam "Plymouth"]
[BlackTeam "Anglian Avengers 2"]

1. d4 d5 2. Nf3 Nf6 3. Bf4 g6 4. e3 Bg7 5. h3 O-O 6. Be2 c5 7. c3 Nc6 8. O-O
Re8 9. Nbd2 Bf5 10. Ne5 Qb6 11. Qb3 c4 12. Qxb6 axb6 13. g4 Bc8 14. Kg2 Nd7 15.
Nxc6 bxc6 16. b3 cxb3 17. axb3 Bb7 18. Nf3 f6 19. g5 fxg5 20. Nxg5 e5 21. dxe5
Nxe5 22. Rxa8 Rxa8 23. Ne6 Bf6 24. Bxe5 Bxe5 25. f4 Bxc3 26. Rc1 Bd2 27. Rc2
Bxe3 28. Kf3 Re8 29. Ng5 h6 30. Rc3 Bd4 0-1

[Event "4NCL Online Division 2"]
[Site "online"]
[Date "2020.05.05"]
[Round "5.84"]
[White "Kerr, Rowland"]
[Black "O'brien, Megan E"]
[Result "1-0"]
[WhiteElo "1802"]
[BlackElo "1825"]
[PlyCount "53"]
[EventDate "2020.05.05"]
[WhiteTeam "Anglian Avengers 2"]
[BlackTeam "Plymouth"]

1. d4 Nf6 2. c4 d6 3. Nc3 g6 4. e4 Bg7 5. Nge2 Nbd7 6. Ng3 c6 7. Be2 e5 8. d5
c5 9. h4 h5 10. Bg5 a6 11. O-O Qc7 12. f4 Ng4 13. f5 Bf6 14. Bxg4 Bxg5 15. hxg5
hxg4 16. Qxg4 Nb6 17. Qe2 Qe7 18. f6 Qd7 19. a4 Qg4 20. Qxg4 Bxg4 21. b3 Nd7
22. Kf2 O-O-O 23. a5 Rh4 24. Rh1 Rxh1 25. Rxh1 Kc7 26. Rh4 Bh5 27. Nf1 1-0

[Event "4NCL Online Division 2"]
[Site "online"]
[Date "2020.05.05"]
[Round "5.91"]
[White "Brown, Thomas"]
[Black "Wilson, David Jn."]
[Result "1/2-1/2"]
[WhiteElo "2129"]
[BlackElo "2050"]
[PlyCount "64"]
[EventDate "2020.05.05"]
[WhiteTeam "Rhyfelwyr Essyllwg"]
[BlackTeam "Mushrooms 1"]

1. d4 Nf6 2. c4 g6 3. Nc3 Bg7 4. e4 O-O 5. Nf3 d6 6. Be2 e5 7. O-O Nc6 8. dxe5
Nxe5 9. Nxe5 dxe5 10. Bg5 c6 11. Qc2 h6 12. Be3 Qe7 13. a3 Ng4 14. Bxg4 Bxg4
15. Na4 b6 16. b4 f5 17. h3 Bh5 18. f3 f4 19. Bf2 Bf6 20. Rfd1 Rad8 21. Nc3 Bh4
22. Bxh4 Qxh4 23. b5 Qe7 24. Rxd8 Rxd8 25. bxc6 Qc5+ 26. Kh2 Qxc4 27. Qa2 Qxa2
28. Rxa2 Kf7 29. Rd2 Rxd2 30. c7 Bxf3 31. c8=Q Rxg2+ 32. Kh1 Rg3+ 1/2-1/2

[Event "4NCL Online Division 2"]
[Site "online"]
[Date "2020.05.05"]
[Round "5.92"]
[White "Linton, William A"]
[Black "Garcia, Jason"]
[Result "0-1"]
[WhiteElo "2027"]
[BlackElo "2028"]
[PlyCount "90"]
[EventDate "2020.05.05"]
[WhiteTeam "Mushrooms 1"]
[BlackTeam "Rhyfelwyr Essyllwg"]

1. e4 c5 2. Nc3 Nc6 3. g3 g6 4. Bg2 Bg7 5. f4 e6 6. d3 Nge7 7. Be3 b6 8. Nf3 d5
9. Bf2 O-O 10. O-O dxe4 11. dxe4 Ba6 12. Re1 e5 13. Bf1 Bxf1 14. Kxf1 exf4 15.
gxf4 Qc8 16. Bg3 Qh3+ 17. Kg1 Rad8 18. Qe2 Nd4 19. Nxd4 Bxd4+ 20. Bf2 Bxc3 21.
bxc3 Qxc3 22. Rad1 Rfe8 23. Rd3 Rxd3 24. Qxd3 Qxd3 25. cxd3 Nc6 26. a3 Rd8 27.
Re3 Rd4 28. e5 Rxf4 29. e6 Kf8 30. Bg3 Rd4 31. Kf1 fxe6 32. Rxe6 Nd8 33. Rd6
Rxd6 34. Bxd6+ Kf7 35. Ke2 Ke6 36. Bc7 Nc6 37. Ke3 Kd5 38. Bg3 b5 39. Be1 b4
40. axb4 cxb4 41. Kd2 a5 42. Bf2 a4 43. h3 a3 44. Kc2 Nd4+ 45. Kb1 b3 0-1